| 000 | 01033nam a2200217Ia 4500 | ||
|---|---|---|---|
| 001 | 701 | ||
| 003 | GE_BSU | ||
| 008 | 181216s||||||||xx |||||||||||||| ||und|| | ||
| 040 | _cGE_BSU | ||
| 080 | _a37(063) | ||
| 245 | _aმესამე საერთაშორისო კონფერენცია "განათლება და განვითარება | ||
| 245 | _bგორის სასწავლო უნივერსიტეტი,საქართველო 2010,1-2 ოქტომბერი | ||
| 260 | _aგორი | ||
| 260 | _bსაქართველო | ||
| 260 | _c2010 | ||
| 300 | _a479გვ. | ||
| 520 | _aკონფერენციის სამუშაო ნენები:ქართული,ინგლისური,რუსული | ||
| 541 | _h20ლ. | ||
| 653 | _aმესამე საერთაშორისო კონფერენცია "განათლება და განვითარება | ||
| 942 | _cBK | ||
| 999 |
_c34880 _d34880 |
||